The Hardtack Regiment : an illustrated history of the 154th Regiment, New York State Infantry Volunteers /

Bibliographic Details
Main Author: Dunkelman, Mark H.
Other Authors: Winey, Michael
Format: Book
Language:English
Published: Rutherford, [N.J.] : London : Fairleigh Dickinson University Press ; Associated University Presses, [1981]
Subjects:

MARC

Tag First Indicator Second Indicator Subfields
LEADER 00000cam a22000008a 4500
001 in00000077754
005 20151008053834.0
008 800729s1981 njuabc b 00110 engm
010 |a  79064502  
020 |a 0838630073 
035 |a (OCoLC)06626101 
035 |9 AAH8817AM 
040 |a DLC  |c DLC  |d m.c.  |d TXA  |d UtOrBLW 
043 |a n-us---  |a n-us-ny 
049 |a TXAM  |c [800428] 
050 0 0 |a E523.5 154th  |b .D86 
082 0 |a 973.7/447  |2 19 
100 1 |a Dunkelman, Mark H. 
245 1 4 |a The Hardtack Regiment :  |b an illustrated history of the 154th Regiment, New York State Infantry Volunteers /  |c Mark H. Dunkelman, Michael J. Winey. 
263 |a 8104 
264 1 |a Rutherford, [N.J.] :  |b Fairleigh Dickinson University Press ;  |a London :  |b Associated University Presses,  |c [1981] 
264 4 |c ©1981 
300 |a 211 pages :  |b illustrations, maps, portraits ;  |c 24 cm. 
336 |a text  |b txt  |2 rdacontent 
337 |a unmediated  |b n  |2 rdamedia 
338 |a volume  |b nc  |2 rdacarrier 
500 |a Includes index. 
504 |a Bibliography: pages 200-204. 
610 1 0 |a United States.  |b Army.  |b New York Infantry Regiment, 154th (1862-1865) 
651 0 |a United States  |x History  |y Civil War, 1861-1865  |x Regimental histories  |z United States  |x Army  |x New York State Infantry Volunteers  |x 154th. 
651 0 |a United States  |x History  |y Civil War, 1861-1865  |x Campaigns. 
700 1 |a Winey, Michael. 
999 |a MARS 
999 f f |s 3e1dfe56-244e-3753-9fb3-630a897ca410  |i f261eec6-8fbf-3204-9c0a-1077fb0bd4a1  |t 0 
952 f f |p ric  |a Texas A&M University  |b Rellis Campus  |c Joint Library Facility  |d Remote Storage  |t 0  |e E523.5 154th .D86  |h Library of Congress classification  |i unmediated -- volume  |m A14806107352 
998 f f |a E523.5 154th .D86  |t 0  |l Remote Storage